A Text Book of Hydraulics, Fluid Mechancis & Hydraulic Machines (Record no. 7814)

MARC details
000 -LEADER
fixed length control field 00424nam a2200157Ia 4500
008 - FIXED-LENGTH DATA ELEMENTS--GENERAL INFORMATION
fixed length control field 221030s9999 xx 000 0 und d
020 ## - INTERNATIONAL STANDARD BOOK NUMBER
ISBN 8121901626
041 ## - LANGUAGE CODE
Language code of text/sound track or separate title
082 ## - DEWEY DECIMAL CLASSIFICATION NUMBER
Classification number 105.23
Item number Khu
100 ## - MAIN ENTRY--AUTHOR NAME
Personal name R. S. Khurmi
245 #2 - TITLE STATEMENT
Title A Text Book of Hydraulics, Fluid Mechancis & Hydraulic Machines
Statement of responsibility, etc by R. S. Khurmi
260 ## - PUBLICATION, DISTRIBUTION, ETC. (IMPRINT)
Name of publisher S.Chand & Co.
Place of publication New Delhi
Year of publication 2000
300 ## - PHYSICAL DESCRIPTION
Number of Pages 666
650 ## - SUBJECT ADDED ENTRY--TOPICAL TERM
Topical Term Mechanical
942 ## - ADDED ENTRY ELEMENTS (KOHA)
Koha item type Books
Holdings
Accession Number Cost, normal purchase price Full call number Price effective from Koha item type Withdrawn / writtenoff status Materials specified (bound volume or other part) Damaged status Not for loan Permanent Location Current Location Shelving location Date acquired Lost/ Missing status department
BE 5005 250.00 105.23 Khu 10/30/2022 Books   Print     MIET Library, Jammu MIET Library, Jammu BL-Academic Bolck C, FL-2, CUP-160, SH-4, R-4 05/20/2002   BE